• 首页
  • 本馆介绍
  • 公告通知
  • 最新文献
  • 馆藏检索
  • 电子资源
  • 读者导购
  • 参考咨询
  • 我的图书馆
  • 登录
  • 详细信息显示
  • 放入我的书架
  • 预约/预借图书
  • 作者相关作品
  • 分类相关作品
  • 丛书相关作品
  • 出版社相关作品

书目信息

  • 表格格式
  • 工作单格式
  • 卡片格式
题名:
基础色彩图鉴 上
    
 
作者: 翟欣建 编著
分册:  
出版信息: 北京   人民美术出版社  2003.01
页数: 48页
开本: 36cm
丛书名:
单 册:
中图分类: J225
科图分类:
主题词: 色彩--技法(美术)--中学--教学参考资料 , 色彩 , 技法(美术) , 绘画--中国
电子资源:
ISBN: 7-102-02690-0
000 00995nam0 2200301 450
001 073000002522
005 20040411150545.0
010    @a7-102-02690-0@dCNY33.00
100    @a20040411d2003 am y0chiy0110 ea
101 0  @achi
102    @aCN@b110000
105    @aa z 000yy
106    @ad
200 1  @a基础色彩图鉴 上@Aji chu se cai tu jian shang@f翟欣建编著@Fzhai xin jian bian zhu
210    @a北京@c人民美术出版社@d2003.01
215    @a48页@d36cm
300    @a新起点
330    @a本书讲述了学生如何掌握用色彩塑造形体的能力,认识和训练色彩写生的变化规律,掌握正确观察色彩的方法和表现色彩的方法。并选收了学生的优秀作品。
606 0  @a色彩@x技法(美术)@x中学@j教学参考资料
606 0  @a色彩
606 0  @a技法(美术)
606 0  @a绘画@x中国
690    @aJ225@v4
701  0 @a翟欣建@Azhai xin jian@f(1A50~)@4编著
801  2 @aCN@bHX@c20040411
905    @aBZT@dJ225@e1-1@f6
906    @dCNY66.00@n0@r1
999    @tC@Awangzhen@a20040411 15:05:40@Iwangzhen@i20040411 15:05:45
    
    基础色彩图鉴 上/翟欣建编著.-北京:人民美术出版社,2003.01
    48页;36cm
    新起点
    
    ISBN 7-102-02690-0:CNY33.00
    本书讲述了学生如何掌握用色彩塑造形体的能力,认识和训练色彩写生的变化规律,掌握正确观察色彩的方法和表现色彩的方法。并选收了学生的优秀作品。
●
相关链接 在五车中查询图书 在当当中查询图书 在豆瓣中查询图书


正题名:基础色彩图鉴 上     索取号:J225/1-1         预约/预借

序号 登录号 条形码 馆藏地/架位号 状态 备注
1 0440961   201191085   样本书库/样002架B面2层2列/ [索取号:J225/1-1] 在馆    
2 0440962   201191094   中心书库中库/ 中库017架B面3列5层7/ [索取号:J225/1-1] 在馆    
3 0440963   201191101   中心书库中库/ 中库017架B面3列5层5/ [索取号:J225/1-1] 在馆    
4 0440964   201191110   中心书库中库/ 中库017架B面3列4层17/ [索取号:J225/1-1] 在馆    
5 0440965   201191129   中心书库中库/ 中库017架B面3列5层4/ [索取号:J225/1-1] 在馆    
6 0440966   201193626   中心书库中库/ 中库018架A面2列5层16/ [索取号:J225/1-1] 在馆    
山东省滨州职业学院图书馆 欢迎您!
大连网信软件有限公司© 版权所有